[Event "Åpent Hordalandsmesterskap NGP 2016"]
[Site "SOS Barnebyer, Olsvik"]
[Date "2016.05.29"]
[Round "4"]
[White "Khan, Imad Ali"]
[Black "Sekkingstad, Thomas"]
[Result "1-0"]
[WhiteElo "1412"]
[BlackElo "757"]
[PlyCount "71"]
[EventDate "2016.??.??"]

1. d4 d5 2. c4 c6 3. Nc3 Nf6 4. e3 g6 5. Nf3 Bf5 6. cxd5 cxd5 7. Qb3 Bc8 8.
Bb5+ Nc6 9. Ne5 Bd7 10. Nxd5 Nxe5 11. Bxd7+ Nexd7 12. Qxb7 Qa5+ 13. Nc3 Rb8 14.
Qc6 Bg7 15. O-O O-O 16. Qf3 e6 17. Ne2 e5 18. b3 Rfc8 19. Bb2 exd4 20. Nxd4 Nc5
21. Nc6 Qa6 22. Nxb8 Rxb8 23. Rfc1 Nfe4 24. Bxg7 Kxg7 25. Qf4 Nxf2 26. Qxb8
Ncd3 27. Rf1 h6 28. Rxf2 Nxf2 29. Qe5+ Kg8 30. Kxf2 Qc8 31. Re1 Qd8 32. Re2
Qh4+ 33. Kf1 f6 34. Qf4 Qh5 35. Qxf6 Kh7 36. h3 
1-0

[Event "Åpent Hordalandsmesterskap NGP 2016"]
[Site "SOS Barnebyer, Olsvik"]
[Date "2016.05.29"]
[Round "4"]
[White "Sangolt, Jørgen"]
[Black "Sunde, Nicholas"]
[Result "0-1"]
[WhiteElo "958"]
[BlackElo "1134"]
[PlyCount "104"]
[EventDate "2016.??.??"]

1. d4 d5 2. Nf3 Nf6 3. Bg5 Nbd7 4. e3 e6 5. Be2 Be7 6. Bxf6 Nxf6 7. O-O O-O 8.
Nbd2 Bd7 9. Rc1 c5 10. c4 cxd4 11. exd4 dxc4 12. Bxc4 Bc6 13. Nb3 Qb6 14. Qe2
Nd5 15. Bxd5 Bxd5 16. Qd3 Rfd8 17. Rc2 Rac8 18. Rfc1 Rxc2 19. Rxc2 Bf6 20. Nfd2
g6 21. Rc5 Bxd4 22. Qxd4 Bxb3 23. Qc3 Bd5 24. Rc8 Rxc8 25. Qxc8+ Kg7 26. Qc3+
f6 27. a3 Qc6 28. Qd4 Qc1+ 29. Nf1 Bc4 30. Qd7+ Kh6 31. Qd2+ Qxd2 32. Nxd2 Bd5
33. f4 f5 34. Kf2 Kg7 35. g3 Kf6 36. Ke3 e5 37. fxe5+ Kxe5 38. h3 g5 39. h4
gxh4 40. gxh4 f4+ 41. Kf2 Kf5 42. Nf3 Kg4 43. Ng5 h6 44. Nh7 Kxh4 45. Nf6 Bc6
46. Kg1 Kg5 47. Nh7+ Kg6 48. Nf8+ Kf7 49. Nh7 Kg7 50. Nf8 Kxf8 51. Kh2 f3 52.
Kg3 Kf7
0-1

[Event "Åpent Hordalandsmesterskap NGP 2016"]
[Site "SOS Barnebyer, Olsvik"]
[Date "2016.05.29"]
[Round "4"]
[White "Fjeldstad, Monica Lauvik"]
[Black "Borlaug, Jonas Kleppe"]
[Result "1/2-1/2"]
[WhiteElo "711"]
[BlackElo "529"]
[PlyCount "71"]
[EventDate "2016.??.??"]

1. d4 d5 2. c4 Nf6 3. Nc3 e6 4. Nf3 Bb4 5. cxd5 exd5 6. a3 Bxc3+ 7. bxc3 h6 8.
e3 Ne4 9. Qb3 Be6 10. Qxb7 Nd7 11. Qb3 Rb8 12. Qc2 O-O 13. Bd3 Bf5 14. O-O Qf6
15. Nd2 Qg6 16. Bxe4 Bxe4 17. Nxe4 Qxe4 18. Qa4 Nb6 19. Qxa7 c6 20. Qa6 Nc4 21.
Qxc6 Rfe8 22. Qa4 Re6 23. f3 Qd3 24. Ra2 Nxe3 25. Bxe3 Qxe3+ 26. Raf2 Rb2 27.
Qd1 Rxf2 28. Rxf2 Rb6 29. Qc2 Rc6 30. Qd2 Rxc3 31. Qxe3 Rxe3 32. a4 Ra3 33. Rd2
Rxa4 34. Kf2 Kf8 35. Ke3 Ke7 36. Rc2
1/2-1/2

[Event "Åpent Hordalandsmesterskap NGP 2016"]
[Site "SOS Barnebyer, Olsvik"]
[Date "2016.05.29"]
[Round "4"]
[White "Ringen, Julian Lothe"]
[Black "Fjeldstad, Vegard Lauvik"]
[Result "0-1"]
[WhiteElo "878"]
[BlackElo "685"]
[PlyCount "108"]
[EventDate "2016.??.??"]

1. e4 e5 2. Nf3 Nc6 3. d4 exd4 4. Bc4 Bc5 5. c3 d6 6. cxd4 Bb6 7. O-O Bg4 8.
Bxf7+ Kxf7 9. Ng5+ Qxg5 10. Qb3+ Be6 11. d5 Qg6 12. Qf3+ Qf6 13. dxe6+ Kxe6 14.
Qg4+ Kf7 15. Nc3 Nh6 16. Qf3 Rhf8 17. Be3 Kg8 18. Nd5 Qe5 19. Bf4 Qe6 20. Rad1
Qg4 21. Qb3 Nf7 22. Rd3 Nd4 23. Qc4 Ne2+ 24. Kh1 Nxf4 25. Nf6+ gxf6 26. Rg3
Qxg3 27. fxg3 Ng6 28. Rxf6 Nge5 29. Qe2 Rad8 30. Qb5 a6 31. Qb3 Nd7 32. Rf4
Rde8 33. Qd1 Nfe5 34. Qd5+ Kg7 35. Qxb7 Nc5 36. Qd5 Rxf4 37. gxf4 Ng6 38. Qd4+
Kh6 39. e5 dxe5 40. fxe5 Rxe5 41. Qd2+ Kg7 42. h3 Ne4 43. Qd7+ Re7 44. Qa4 Ng3+
45. Kh2 Re2 46. Kxg3 c5 47. Qc4 Bc7+ 48. Kf3 Ne5+ 49. Kxe2 Nxc4 50. b3 Ne5 51.
Kd2 Kf6 52. Ke3 Kf5 53. g3 c4 54. bxc4 Nxc4+
0-1

[Event "Åpent Hordalandsmesterskap NGP 2016"]
[Site "SOS Barnebyer, Olsvik"]
[Date "2016.05.29"]
[Round "4"]
[White "Hina, Ariza"]
[Black "Mansoor, Afras"]
[Result "0-1"]
[WhiteElo "1069"]
[BlackElo "1633"]
[PlyCount "46"]
[EventDate "2016.??.??"]

1. d4 Nf6 2. e3 e6 3. Bd3 b6 4. f4 Bb7 5. Nf3 d6 6. c4 Nbd7 7. Nbd2 Be7 8. O-O
c5 9. Nb3 Qc7 10. f5 e5 11. dxe5 dxe5 12. Nfd2 e4 13. Bc2 Bd6 14. g3 h5 15. Rf2
Ng4 16. Re2 Ndf6 17. Nf1 h4 18. Rg2 Ne5 19. Nbd2 Nf3+ 20. Nxf3 exf3 21. Ba4+
Ke7 22. Rd2 hxg3 23. Nxg3 Bxg3
0-1

[Event "Åpent Hordalandsmesterskap NGP 2016"]
[Site "SOS Barnebyer, Olsvik"]
[Date "2016.05.29"]
[Round "4"]
[White "Kringstad, Svein Erik"]
[Black "Mansoor, Areeb"]
[Result "1-0"]
[WhiteElo "1058"]
[BlackElo "543"]
[PlyCount "93"]
[EventDate "2016.??.??"]

1. e4 e5 2. Nf3 Nc6 3. Bc4 Nf6 4. Ng5 d5 5. exd5 Na5 6. Bb5+ c6 7. dxc6 bxc6 8.
Bd3 h6 9. Ne4 Be6 10. O-O Bd5 11. Nbc3 Bb4 12. a3 Bxc3 13. Nxc3 e4 14. Re1 O-O
15. Nxe4 Nxe4 16. Bxe4 Bxe4 17. Rxe4 Re8 18. Qe1 Qd7 19. d3 f5 20. Rxe8+ Rxe8
21. Qxa5 Qc7 22. Bd2 Qd6 23. Qxf5 Qe7 24. Be3 Rf8 25. Qg4 Qb7 26. b3 Qc7 27.
Bxh6 Rf7 28. Re1 Kh7 29. Bg5 Qa5 30. Qh5+ Kg8 31. Re8+ Rf8 32. Rxf8+ Kxf8 33.
Be7+ Kxe7 34. Qxa5 Kd6 35. Qxa7 g5 36. Qd4+ Kc7 37. Qg7+ Kb6 38. Qxg5 c5 39. c4
Ka5 40. Qxc5+ Ka6 41. a4 Kb7 42. b4 Kb8 43. b5 Ka8 44. a5 Kb8 45. a6 Ka8 46.
Qc8+ Ka7 47. Qb7#
1-0

[Event "Åpent Hordalandsmesterskap NGP 2016"]
[Site "SOS Barnebyer, Olsvik"]
[Date "2016.05.29"]
[Round "4"]
[White "Opdahl, Jens Christian L"]
[Black "Rønnestad, Liam Jansson"]
[Result "0-1"]
[WhiteElo "1172"]
[BlackElo "1240"]
[PlyCount "166"]
[EventDate "2016.??.??"]

1. e4 c5 2. Nc3 g6 3. f4 Bg7 4. Nf3 Nc6 5. Bc4 e6 6. d3 Nge7 7. a3 d5 8. Ba2
dxe4 9. Nxe4 b6 10. O-O O-O 11. Rb1 Qc7 12. Qe1 Bb7 13. Neg5 h6 14. Ne4 Rfd8
15. b4 cxb4 16. axb4 Nd4 17. Be3 Nxf3+ 18. gxf3 Qxc2 19. Bc4 Bxe4 20. fxe4 Qc3
21. Bd2 Qd4+ 22. Be3 Qd7 23. b5 Bd4 24. Bxd4 Qxd4+ 25. Qf2 Kg7 26. Qxd4+ Rxd4
27. h4 h5 28. Kf2 Ng8 29. Ke3 Rad8 30. Ra1 R4d7 31. Ra2 Rc8 32. f5 exf5 33.
exf5 Re8+ 34. Kf4 Nh6 35. fxg6 fxg6 36. Rh1 Ree7 37. Rg2 Rd4+ 38. Kf3 Nf5 39.
Rgh2 Re3+ 40. Kg2 Rf4 41. Ra1 Re7 42. Rah1 Re2+ 43. Kg1 Rxh2 44. Rxh2 Rg4+ 45.
Kf2 Rxh4 46. Rg2 Nd6 47. Rg1 Nxc4 48. dxc4 Rxc4 49. Rd1 Rf4+ 50. Kg3 g5 51.
Rd7+ Rf7 52. Rd5 Kg6 53. Rd6+ Rf6 54. Rd7 h4+ 55. Kg2 g4 56. Rxa7 h3+ 57. Kg3
Kg5 58. Rg7+ Rg6 59. Rd7 Kf5 60. Rc7 Ke5 61. Re7+ Kd5 62. Re1 Kc5 63. Re5+ Kd4
64. Kh2 g3+ 65. Kh1 h2 66. Re2 Rf6 67. Re1 Rf2 68. Rd1+ Ke3 69. Ra1 Re2 70.
Ra3+ Kf2 71. Rxg3 Re5 72. Rg2+ Kf3 73. Kxh2 Re2 74. Rxe2 Kxe2 75. Kg2 Kd3 76.
Kf3 Kc4 77. Ke3 Kxb5 78. Kd3 Ka4 79. Kc2 Ka3 80. Kb1 b5 81. Ka1 Kb3 82. Kb1 b4
83. Ka1 Kc2 
0-1

[Event "Åpent Hordalandsmesterskap NGP 2016"]
[Site "SOS Barnebyer, Olsvik"]
[Date "2016.05.29"]
[Round "4"]
[White "Haldorsen, Benjamin"]
[Black "Næss, Shjalg Ole"]
[Result "1-0"]
[WhiteElo "2198"]
[BlackElo "762"]
[PlyCount "81"]
[EventDate "2016.??.??"]

1. e4 e5 2. Nf3 Nc6 3. Bb5 d6 4. O-O Bg4 5. h3 Bh5 6. Re1 Nf6 7. d4 exd4 8. e5
dxe5 9. Nxe5 Bxd1 10. Nxc6+ Be7 11. Nxd8+ Kxd8 12. Rxd1 c6 13. Rxd4+ Ke8 14.
Bf1 Bc5 15. Rc4 Bb6 16. Nc3 Rc8 17. a4 a5 18. Bg5 Nd7 19. Re1+ Kf8 20. Be7+ Kg8
21. Bd6 Nf6 22. Ne4 Nd5 23. Nc5 Bxc5 24. Bxc5 b6 25. Bxb6 Nxb6 26. Rxc6 Rb8 27.
Rxb6 Rd8 28. Rb5 g6 29. Rxa5 Rd2 30. Bd3 Kg7 31. Ra7 Rb8 32. b3 Rxb3 33. cxb3
Rxd3 34. b4 Rb3 35. b5 Kf6 36. Re3 Rb1+ 37. Kh2 Rb2 38. Rf3+ Ke6 39. Raxf7 Rb4
40. b6 Rxb6 41. R7f6+
1-0

[Event "Åpent Hordalandsmesterskap NGP 2016"]
[Site "SOS Barnebyer, Olsvik"]
[Date "2016.05.29"]
[Round "5"]
[White "Merkesvik, Sondre"]
[Black "Merkesvik, Amalie Isabel"]
[Result "1-0"]
[WhiteElo "2242"]
[BlackElo "1484"]
[PlyCount "33"]
[EventDate "2016.??.??"]

1. e4 e5 2. Nf3 Nc6 3. Bc4 Bc5 4. O-O d6 5. c3 Nf6 6. d4 exd4 7. cxd4 Bb6 8.
Nc3 a6 9. h3 O-O 10. Bg5 h6 11. Bh4 Re8 12. Nd5 Rxe4 13. Qd3 Bf5 14. Rae1 Rxh4
15. Qxf5 Nxd4 16. Nxf6+ Kf8 17. Nd7+ 1-0

[Event "Åpent Hordalandsmesterskap NGP 2016"]
[Site "SOS Barnebyer, Olsvik"]
[Date "2016.05.29"]
[Round "5"]
[White "Sekkingstad, Thomas"]
[Black "Brattetveit, Olav"]
[Result "0-1"]
[WhiteElo "757"]
[BlackElo "1034"]
[PlyCount "98"]
[EventDate "2016.??.??"]

1. d4 d5 2. Nf3 Nf6 3. g3 Bf5 4. Bg2 e6 5. O-O Bd6 6. Nbd2 O-O 7. c4 c6 8. cxd5
cxd5 9. Nb3 Nbd7 10. Bd2 Rc8 11. Rc1 Nb6 12. Rxc8 Qxc8 13. Qc1 Qxc1 14. Rxc1
Nc4 15. Bc3 Ne4 16. Nbd2 Nxc3 17. bxc3 Nb6 18. c4 dxc4 19. Nxc4 Rc8 20. Nfd2
Bb4 21. Bxb7 Bxd2 22. Bxc8 Bxc1 23. Nd6 Nxc8 24. Nxc8 Bb1 25. Nxa7 Bxa2 26. e3
Kf8 27. Nc6 Bd5 28. Nb4 Bb7 29. Nc2 Ke7 30. Kf1 Bd2 31. Ke2 Ba5 32. Na1 Kd6 33.
Nb3 Bb6 34. Kd3 Bd5 35. Nd2 Ke7 36. Nc4 Bxc4+ 37. Kxc4 Kf6 38. f3 e5 39. Kd5
exd4 40. exd4 Kf5 41. Kc4 Ke6 42. d5+ Kd6 43. Kb5 Bg1 44. h3 Kxd5 45. Kb4 Kd4
46. Kb5 Bh2 47. g4 Ke3 48. Kc6 Kxf3 49. Kd7 Kg3 0-1

[Event "Åpent Hordalandsmesterskap NGP 2016"]
[Site "SOS Barnebyer, Olsvik"]
[Date "2016.05.29"]
[Round "5"]
[White "Sunde, Nicholas"]
[Black "Mansoor, Afras"]
[Result "1/2-1/2"]
[WhiteElo "1134"]
[BlackElo "1633"]
[PlyCount "145"]
[EventDate "2016.??.??"]

1. d4 Nf6 2. c4 e6 3. Nf3 b6 4. Nc3 Bb7 5. Bg5 Bb4 6. e3 d6 7. Be2 Nbd7 8. O-O
O-O 9. Qc2 h6 10. Bh4 Bxc3 11. bxc3 e5 12. d5 Qe7 13. e4 Nc5 14. Nd2 g5 15. Bg3
Bc8 16. h4 Kg7 17. hxg5 hxg5 18. f3 Nh5 19. Bf2 Bd7 20. Bxc5 dxc5 21. Kf2 Nf4
22. Rh1 g4 23. Nf1 f5 24. Ne3 g3+ 25. Ke1 Nxe2 26. Kxe2 f4 27. Nd1 Rh8 28. Nb2
Rh4 29. Rxh4 Qxh4 30. Qd1 Qf6 31. Qc2 Rh8 32. Rg1 Rh2 33. Qd1 Bh3 34. Qf1 Kf7
35. Kd1 Bd7 36. Rh1 Qh6 37. Rg1 Ke7 38. Nd3 Kd6 39. Kc1 a5 40. Qd1 Qh5 41. a3
Be8 42. Kb1 Bd7 43. Kc1 Qe8 44. Nb2 Qe7 45. Rh1 Qh7 46. Rg1 Be8 47. Nd3 Qh8 48.
Nb2 Qf8 49. Nd3 Qe7 50. Qb3 Qd7 51. Nb2 Rh5 52. Qd1 Rh2 53. Qb3 Qh7 54. Qd1 Bd7
55. Nd3 Qg7 56. Rh1 Ba4 57. Qf1 Qd7 58. Nb2 Qe8 59. Rg1 Qd7 60. Rh1 Bb3 61. Rg1
Qh7 62. Qe1 Qh8 63. Qf1 Qe8 64. Rh1 Rh8 65. Rg1 Ba4 66. Qe1 Bd7 67. Qd1 Rh2 68.
Qf1 Qg6 69. Qd1 Qh6 70. Qf1 Be8 71. Qd1 Rh4 72. Qf1 Bg6 73. Kd1 1/2-1/2

[Event "Åpent Hordalandsmesterskap NGP 2016"]
[Site "SOS Barnebyer, Olsvik"]
[Date "2016.05.29"]
[Round "5"]
[White "Borlaug, Jonas Kleppe"]
[Black "Sangolt, Jørgen"]
[Result "1/2-1/2"]
[WhiteElo "529"]
[BlackElo "958"]
[PlyCount "48"]
[EventDate "2016.??.??"]

1. e4 c6 2. Nc3 d5 3. d3 e5 4. Nf3 Bg4 5. h3 Bxf3 6. Qxf3 Nf6 7. Bg5 Nbd7 8.
Bxf6 Qxf6 9. Qxf6 Nxf6 10. Be2 Bb4 11. O-O O-O 12. Rab1 Rab8 13. a3 Bxc3 14.
bxc3 dxe4 15. dxe4 Nxe4 16. Rb4 Nxc3 17. Bd3 Nd5 18. Rh4 g6 19. Re1 Rbd8 20.
Rxe5 Rfe8 21. Rxe8+ Rxe8 22. Bc4 Re5 23. Bxd5 Rxd5 24. Re4 Rc5 1/2-1/2

[Event "Åpent Hordalandsmesterskap NGP 2016"]
[Site "SOS Barnebyer, Olsvik"]
[Date "2016.05.29"]
[Round "5"]
[White "Havnerås, Ivar"]
[Black "Haugsvær, Lisbeth"]
[Result "1/2-1/2"]
[WhiteElo "835"]
[BlackElo "1414"]
[PlyCount "123"]
[EventDate "2016.??.??"]

1. e4 e5 2. Nf3 Nc6 3. d4 exd4 4. Bc4 Bb4+ 5. c3 dxc3 6. Nxc3 h6 7. O-O Nge7 8.
a3 Bxc3 9. bxc3 d6 10. h3 O-O 11. Be3 Be6 12. Bxe6 fxe6 13. Qd2 Qe8 14. Nh2 Ne5
15. Qe2 Qc6 16. f4 N5g6 17. Bd2 Rf7 18. Rf2 Raf8 19. Raf1 Qc5 20. Kh1 Qxa3 21.
Qg4 Qc5 22. Qxe6 Kh7 23. Qg4 Ne5 24. Qh4 Nc4 25. Bc1 Ne3 26. Bxe3 Qxe3 27. f5
d5 28. Ng4 Qxe4 29. f6 Ng6 30. Qh5 Kg8 31. fxg7 Rxf2 32. gxf8=Q+ Rxf8 33. Nxh6+
Kg7 34. Nf5+ Rxf5 35. Qxf5 Qxf5 36. Rxf5 Ne7 37. Re5 Kf6 38. Re1 a5 39. h4 b5
40. Rb1 c6 41. g4 Ng6 42. Rf1+ Kg7 43. h5 Ne5 44. g5 a4 45. h6+ Kh7 46. Rf5 Ng4
47. Rf7+ Kh8 48. g6 Nxh6 49. Rh7+ Kg8 50. Rxh6 Kg7 51. Rh7+ Kxg6 52. Rc7 Kf5
53. Rxc6 Ke4 54. Rc5 Kd3 55. Rxb5 Kxc3 56. Rxd5 a3 57. Rh5 a2 58. Rh3+ Kb4 59.
Rh4+ Kb3 60. Rh3+ Kb2 61. Rh2+ Kb1 62. Rxa2 1/2-1/2

[Event "Åpent Hordalandsmesterskap NGP 2016"]
[Site "SOS Barnebyer, Olsvik"]
[Date "2016.05.29"]
[Round "5"]
[White "Rønnestad, Liam Jansson"]
[Black "Khan, Imad Ali"]
[Result "1/2-1/2"]
[WhiteElo "1240"]
[BlackElo "1412"]
[PlyCount "109"]
[EventDate "2016.??.??"]

1. e4 c6 2. d4 d5 3. exd5 cxd5 4. c4 Nf6 5. Nc3 Nc6 6. Bg5 e6 7. Nf3 Be7 8. c5
b6 9. b4 bxc5 10. bxc5 O-O 11. Rb1 Bd7 12. Bd3 Rb8 13. O-O Rxb1 14. Qxb1 Qb8
15. a3 Qxb1 16. Rxb1 Rb8 17. Rxb8+ Nxb8 18. Ne5 Be8 19. h3 Kf8 20. Nb5 a5 21.
Bd2 Bd8 22. Nd6 Bc6 23. Nxc6 Nxc6 24. Bc3 Nd7 25. Nb7 Bc7 26. Bb5 Ndb8 27. Kf1
Ke7 28. g3 f6 29. f4 g5 30. fxg5 fxg5 31. g4 e5 32. dxe5 d4 33. Bd2 h6 34. Ke2
Ke6 35. Kd3 Kxe5 36. Be1 Kf4 37. Nd6 Ne5+ 38. Ke2 d3+ 39. Bxd3 Nbc6 40. Nf5
Nxd3 41. Kxd3 Ne5+ 42. Ke2 Ke4 43. Nxh6 Nc4 44. Nf5 Kd5 45. h4 gxh4 46. Bxh4
Kxc5 47. g5 Ne5 48. Ne7 Kc4 49. g6 Nxg6 50. Nxg6 Bd6 51. Bd8 a4 52. Kd2 Kb3 53.
Kc1 Bxa3+ 54. Kb1 Bb2 55. Be7 1/2-1/2

[Event "Åpent Hordalandsmesterskap NGP 2016"]
[Site "SOS Barnebyer, Olsvik"]
[Date "2016.05.29"]
[Round "5"]
[White "Gandrud, Vegar Koi"]
[Black "Haldorsen, Benjamin"]
[Result "0-1"]
[WhiteElo "2253"]
[BlackElo "2198"]
[PlyCount "76"]
[EventDate "2016.??.??"]

1. d4 d5 2. c4 dxc4 3. Nf3 Nf6 4. e3 e6 5. Bxc4 a6 6. a4 c5 7. O-O Nc6 8. Qe2
Qc7 9. Nc3 Be7 10. Bd2 O-O 11. Rfd1 Rd8 12. Be1 b6 13. d5 exd5 14. Nxd5 Nxd5
15. Bxd5 Bb7 16. Bc3 Rd7 17. Qc4 Bf8 18. Qe4 h6 19. Rd2 Rad8 20. Bxc6 Bxc6 21.
Rxd7 Qxd7 22. Qf4 b5 23. axb5 axb5 24. h3 b4 25. Ne5 Qd5 26. Nxc6 Qxc6 27. Be5
Qd5 28. e4 Qe6 29. Bc7 Rd4 30. Ra8 Qc6 31. Rd8 Rxd8 32. Bxd8 Qa8 33. Qc7 Qxe4
34. Qc8 Qb1+ 35. Kh2 Qxb2 36. h4 Qe5+ 37. g3 b3 38. Bc7 Qd4 0-1

[Event "Åpent Hordalandsmesterskap NGP 2016"]
[Site "SOS Barnebyer, Olsvik"]
[Date "2016.05.29"]
[Round "5"]
[White "Fjeldstad, Vegard Lauvik"]
[Black "Kringstad, Svein Erik"]
[Result "0-1"]
[WhiteElo "685"]
[BlackElo "1058"]
[PlyCount "66"]
[EventDate "2016.??.??"]

1. e4 e5 2. Nf3 Nc6 3. Bc4 Nf6 4. O-O Nxe4 5. Re1 d5 6. d3 dxc4 7. dxe4 Qxd1 8.
Rxd1 Be7 9. Nc3 Be6 10. Be3 O-O 11. Na4 b6 12. Nd2 Rfd8 13. f4 exf4 14. Bxf4
Rd7 15. Nf3 Rad8 16. Rxd7 Rxd7 17. Nc3 f6 18. Nb5 Bd6 19. Bxd6 cxd6 20. Rd1 a6
21. Nxd6 b5 22. Rd2 Nb4 23. c3 Nxa2 24. Ne8 Rxd2 25. Nxd2 Nc1 26. Nc7 Bc8 27.
Kf1 Nd3 28. b3 cxb3 29. Nxb3 Bb7 30. g3 Bxe4 31. Nxa6 Nb2 32. Nd4 Na4 33. Nxb5
Bd3+ 0-1

[Event "Åpent Hordalandsmesterskap NGP 2016"]
[Site "SOS Barnebyer, Olsvik"]
[Date "2016.05.29"]
[Round "5"]
[White "Næss, Shjalg Ole"]
[Black "Hina, Ariza"]
[Result "1-0"]
[WhiteElo "762"]
[BlackElo "1069"]
[PlyCount "97"]
[EventDate "2016.??.??"]

1. e4 e5 2. Nf3 Nc6 3. Bb5 Nf6 4. Nc3 Bc5 5. Bxc6 dxc6 6. Nxe5 Qd4 7. Nd3 Nxe4
8. Qe2 O-O 9. Nxc5 Nxc5 10. O-O Bg4 11. Qe3 Qxe3 12. dxe3 Bf5 13. e4 Bxe4 14.
Nxe4 Nxe4 15. Bf4 Nd6 16. Rfd1 Rad8 17. Rd3 Rfe8 18. Rad1 Re2 19. R3d2 Rde8 20.
Kf1 Rxd2 21. Bxd2 f6 22. Bf4 Re6 23. Re1 Rxe1+ 24. Kxe1 Kf7 25. Ke2 Ke6 26. g4
g5 27. Bg3 Kd5 28. Kd3 c5 29. h4 c4+ 30. Ke3 c5 31. hxg5 fxg5 32. Bxd6 Kxd6 33.
Ke4 Ke6 34. c3 a5 35. a4 b6 36. f4 gxf4 37. Kxf4 Kf6 38. g5+ Kg6 39. Kg4 h6 40.
gxh6 Kxh6 41. Kf5 Kh5 42. Ke5 Kg4 43. Kd5 Kf3 44. Kxc4 Ke2 45. b4 b5+ 46. Kxb5
cxb4 47. cxb4 axb4 48. Kxb4 Kd3 49. a5 1-0